00510nam a2200205Ia 4500003000900000008004100009040001300050040001300063041000800076100002000084245009300104250001200197260001500209260000900224300001100233300001200244490002500256490000800281600001500289IT-RoPAU120407s9999 xx 000 0 und d aIT-RoPAU cIT-RoPAU aita aWolfgang Langer aKerigma e catechesi. Nuovi fondamenti teologici e didattici dell’insegnamento biblico. aBrescia aQueriniana c1971 a206 p. c19,5 cm aGiornale di teologia v155 a1. Titolo.